Marginality in India: perspectives of marginalisation from the Northeast (Record no. 1225134)

MARC details
000 -LEADER
fixed length control field 00778nam a2200229Ia 4500
005 - DATE AND TIME OF LATEST TRANSACTION
control field 20260109113538.0
008 - FIXED-LENGTH DATA ELEMENTS--GENERAL INFORMATION
fixed length control field 241129s9999||||xx |||||||||||||| ||und||
020 ## - INTERNATIONAL STANDARD BOOK NUMBER
International Standard Book Number 9781032669403
037 ## - SOURCE OF ACQUISITION
Terms of availability General Book
040 ## - CATALOGING SOURCE
Original cataloging agency RTL
Language of cataloging eng
Transcribing agency RTL
041 ## - LANGUAGE CODE
Language code of text/sound track or separate title eng
Source of code eng
084 ## - COLON CLASSIFICATION NUMBER
Classification number Y:3(W).29W R4
Assigning agency RTL
245 #0 - TITLE STATEMENT
Title Marginality in India: perspectives of marginalisation from the Northeast
260 ## - PUBLICATION, DISTRIBUTION, ETC.
Place of publication, distribution, etc. New York
Name of publisher, distributor, etc. Routledge
Date of publication, distribution, etc. 2024
300 ## - PHYSICAL DESCRIPTION
Extent xxii,296 p.
Other physical details Includes bibliographical references and index.
365 ## - TRADE PRICE
Price type code INR
Price amount Rs.1595.00
650 ## - SUBJECT ADDED ENTRY--TOPICAL TERM
Topical term or geographic name entry element Social Aspects- Northeast India
9 (RLIN) 725504
700 ## - ADDED ENTRY--PERSONAL NAME
Personal name Kikhi Kedilezo
Relator term Editor
9 (RLIN) 863323
700 ## - ADDED ENTRY--PERSONAL NAME
Personal name Gautam Dharma Rakshit
Relator term Editor
9 (RLIN) 863324
942 ## - ADDED ENTRY ELEMENTS (KOHA)
Koha item type General Books
Classification part Y:3(W).29W R4
Source of classification or shelving scheme Colon Classification (CC)
Suppress in OPAC No
Holdings
Withdrawn status Lost status Source of classification or shelving scheme Damaged status Not for loan Home library Current library Date acquired Source of acquisition Inventory number Total Checkouts Full call number Barcode Date last seen Price effective from Koha item type
    Colon Classification (CC)     Ratan Tata Library Ratan Tata Library 2024-11-29 Bright book Service 2296 & 7/2/24   Y:3(W).29W, R4 RT1528070 2024-11-29 2024-11-29 General Books
Copyright @ Delhi University Library System